000 00580nam a2200181Ia 4500
008 090124s9999 xx 000 0 und d
082 _b35213
100 _aनिसऴ डॉ. सौ. शांता
245 _a प्राजक्ता
250 _a1
260 _bमानसन्मान प्रकाशन
_c1998
300 _a97
600 _aनिसऴ डॉ. सौ. शांता
630 _a प्राजक्ता
700 _aनिसऴ डॉ. सौ. शांता
730 _a प्राजक्ता
942 _cBOOK
999 _c101236
_d101236